Stati per minore popolazione - Europa - Statistics

Statistiche generali
  • Questo quiz è stato fatto 15 volte
  • Il punteggio medio è 8 su 10
Statistiche sulle risposte
Popolazione (ab.) Nazione % Corretto
79 034 Andorra
93%
764 Città del Vaticano
93%
33 745 San Marino
93%
39 039 Liechtenstein
87%
639 321 Lussemburgo
80%
526 748 Malta
80%
36 686 Monaco
80%
1 244 188 CIpro
60%
370 335 Islanda
60%
627 859 Montenegro
47%
Nessun quiz corrispondente trovato
Distribuzione punteggi
Percentuale di utenti per punteggio
Percentile per numero di risposta
I tuoi punteggi nel tempo
Non hai fatto questo quiz